Gaming Quiz

Random Gaming or Decade Quiz

PC Games of the 1990s Quiz Stats

 Plays Quiz Updated Jul 30, 2016

Challenge
Share
Tweet
Score 0/25 Timer 10:00
3 Plays Today
% Correct
Doom
87.1%
RollerCoaster Tycoon
84.8%
SimCity 2000
81.2%
Wolfenstein 3D
62.9%
Sid Meier's Civilization
61.4%
Half-Life
59.2%
Fallout
57.5%
Diablo
54.2%
Lemmings
50.6%
Myst
48.2%
Grim Fandango
46.3%
Quake
44.4%
The Secret of Monkey Island
41.8%
% Correct
Age of Empires
38.3%
Command & Conquer
36.8%
Sam & Max Hit the Road
33.8%
Warcraft: Orcs & Humans
27.2%
Day of the Tentacle
24.9%
Baldur's Gate
19.9%
X-Com: UFO Defense (UFO: Enemy Unknown)
16.7%
System Shock
15.1%
Out of This World (Another World)
13%
King's Quest VI: Heir Today, Gone Tomorrow
12.9%
Ultima Underworld
9.9%
Postal
7.3%

You're not logged in!

Compare scores with friends on all Sporcle quizzes.
Join for Free
OR
Log In

You Might Also Like...

Show Comments

Extras

Top Quizzes Today


Score Distribution

Your Account Isn't Verified!

In order to create a playlist on Sporcle, you need to verify the email address you used during registration. Go to your Sporcle Settings to finish the process.

Report this User

Report this user for behavior that violates our Community Guidelines.

Details: